<?xml version="1.0" encoding="UTF-8"?>
<record
    xmlns:xsi="http://www.w3.org/2001/XMLSchema-instance"
    xsi:schemaLocation="http://www.loc.gov/MARC21/slim http://www.loc.gov/standards/marcxml/schema/MARC21slim.xsd"
    xmlns="http://www.loc.gov/MARC21/slim">

  <leader>01839nam a22002537a 4500</leader>
  <controlfield tag="005">20220127163214.0</controlfield>
  <controlfield tag="008">220127b           ||||| |||| 00| 0 eng d</controlfield>
  <datafield tag="020" ind1=" " ind2=" ">
    <subfield code="a">9789386827555</subfield>
  </datafield>
  <datafield tag="040" ind1=" " ind2=" ">
    <subfield code="c">AL</subfield>
  </datafield>
  <datafield tag="041" ind1=" " ind2=" ">
    <subfield code="a">English</subfield>
  </datafield>
  <datafield tag="082" ind1=" " ind2=" ">
    <subfield code="2">23</subfield>
    <subfield code="a">616.96</subfield>
    <subfield code="b">AROM</subfield>
  </datafield>
  <datafield tag="100" ind1=" " ind2=" ">
    <subfield code="a">Arora D R and others</subfield>
    <subfield code="9">14976</subfield>
  </datafield>
  <datafield tag="245" ind1=" " ind2=" ">
    <subfield code="a">Medical Parasitology</subfield>
  </datafield>
  <datafield tag="250" ind1=" " ind2=" ">
    <subfield code="a">5 Ed.</subfield>
  </datafield>
  <datafield tag="260" ind1=" " ind2=" ">
    <subfield code="a">New Delhi</subfield>
    <subfield code="b">CBS Publishers &amp; Distributors Pvt Ltd.</subfield>
    <subfield code="c">2020</subfield>
  </datafield>
  <datafield tag="300" ind1=" " ind2=" ">
    <subfield code="a">xviii,277 p.</subfield>
    <subfield code="b">PB</subfield>
    <subfield code="c">28x22 cm.</subfield>
  </datafield>
  <datafield tag="365" ind1=" " ind2=" ">
    <subfield code="a">5445</subfield>
    <subfield code="b">&#x20B9;556.00</subfield>
    <subfield code="c">&#x20B9;</subfield>
    <subfield code="d">&#x20B9;695.00</subfield>
    <subfield code="e">20%</subfield>
    <subfield code="f">27-01-2022</subfield>
  </datafield>
  <datafield tag="520" ind1=" " ind2=" ">
    <subfield code="a">Medical parasitology deals with intestinal, blood and tissue parasites in relation to human diseases. Rapid increase in information in medical science requires textbooks to be updated and revised to keep the pace. Keeping this in view the new edition of Medical parasitology was published in its fifth edition.
Key features:
All chapters have been thoroughly revised, without making it bulky
Classification of parasites and treatment of parasitic infections have been updated
New Multiple Choice Questions (MCQs) have been added
New parasitic figures have been added
Clear, colored and uncomplicated diagrams are given throughout the text
Pictures of gross and histopathological sections are also given
Includes well-illustrated life cycles and pathologic lesions
Chapter- overview of Parasitology at the end serves
Ready reckoner to revise medical parasitology
Basis to identify the weak topics in understanding the subject
Diagrammatic representation of relative sizes and morphology of protozoa and helmentic eggs at the end provides good visual impact for subject understanding</subfield>
  </datafield>
  <datafield tag="650" ind1=" " ind2=" ">
    <subfield code="a">Medical Parasitology</subfield>
    <subfield code="9">14977</subfield>
  </datafield>
  <datafield tag="650" ind1=" " ind2=" ">
    <subfield code="a"> Bacteriology  and  Parasitology</subfield>
    <subfield code="9">14978</subfield>
  </datafield>
  <datafield tag="700" ind1=" " ind2=" ">
    <subfield code="a">ARORA (D R)</subfield>
    <subfield code="9">14979</subfield>
  </datafield>
  <datafield tag="700" ind1=" " ind2=" ">
    <subfield code="a">ARORA (Brij Bala)</subfield>
    <subfield code="9">14980</subfield>
  </datafield>
  <datafield tag="942" ind1=" " ind2=" ">
    <subfield code="2">ddc</subfield>
    <subfield code="c">BK</subfield>
  </datafield>
  <datafield tag="999" ind1=" " ind2=" ">
    <subfield code="c">221363</subfield>
    <subfield code="d">221363</subfield>
  </datafield>
  <datafield tag="952" ind1=" " ind2=" ">
    <subfield code="0">0</subfield>
    <subfield code="1">0</subfield>
    <subfield code="2">ddc</subfield>
    <subfield code="4">0</subfield>
    <subfield code="7">0</subfield>
    <subfield code="8">ENG</subfield>
    <subfield code="a">AL</subfield>
    <subfield code="b">AL</subfield>
    <subfield code="d">2022-01-27</subfield>
    <subfield code="e">Biblios Book Point</subfield>
    <subfield code="g">556.00</subfield>
    <subfield code="l">1</subfield>
    <subfield code="o">616.96 AROM</subfield>
    <subfield code="p">075377</subfield>
    <subfield code="r">2022-06-18 00:00:00</subfield>
    <subfield code="s">2022-06-09</subfield>
    <subfield code="v">695.00</subfield>
    <subfield code="w">2022-01-27</subfield>
    <subfield code="y">BK</subfield>
  </datafield>
</record>
